000 00951nam a22002657a 4500
999 _c5718
_d5718
003 AR-CdUCM
008 190313b ||||| |||| 00| 0 spa d
040 _aMUNICIPALIDAD PROVINCIAL DEL CUSCO
_cBIBLIOTECA MUNICIPAL DEL CUSCO
082 _a985.009 /
_bG78
245 _aMiguel Grau; Francisco Bolognesi /
_cJosé A. de la Puente C.; Hugo Neira Samanez
260 _aLima :
_bUniversitaria,
_c1964.
300 _a138 páginas ;
_bilustraciones ;
_c19 cm.
440 _aBiblioteca hombres del Perú
_n : IX
_917027
440 _aPrimera serie
_99550
500 _aDonación de la familia Nieto.
650 _aBiografías
_9148
650 _aMiguel Grau
_917028
650 _aFrancisco Bolognesi
_917029
650 _aHombres del Perú - Biografías
_92160
650 _aMilitares - Guerra del pacífico
_917030
700 _aPuente C., José A. de la
_917031
700 _aNeira Samanez, Hugo
_910286
942 _2ddc
_cLIBROS
945 _alccs